| 000 | 00398nam a2200157Ia 4500 | ||
|---|---|---|---|
| 008 | 160316s1995 xxu||||| |||| 00| 0 eng d | ||
| 082 |
_a347.017000 _bMED |
||
| 100 | _a | ||
| 245 | _aMediation : The art of facilatating settlement | ||
| 250 | _a | ||
| 260 |
_aNew Delhi _bInternational Centre for Alternative Dispute Resol _c1995 |
||
| 300 |
_a _b _c |
||
| 365 | _b | ||
| 650 | _a | ||
| 700 |
_a _a |
||
| 999 |
_c18366 _d18366 |
||